LEADER 01163nam a2200253 i 4500 001 000000148843 003 CaOOAMICUS 005 20060316000000.0 008 060316s1994 it u000 u mul u 013 $a126161 040 $aSeMil$bita 100 1 $aSala, Orazio.$0(OLS)http://semarc/name/58848 245 10$aSa diseva insć :$bmotti e proverbi lariani /$cOrazio Sala ; Postfazione di Alberto Longatti ; Presentazione di Piercesare Bordoli ; Illustrazioni di Osvaldo Minotti. 260 $aComo :$bLa Famiglia Comasca,$c(Stampa 1994) 300 $a151 p. :$bill. ;$c25 cm. 650 4$aComo - Proverbi.$0(OLS)http://semarc/subject/29063 700 1 $aMinotti, Osvaldo.$0(OLS)http://semarc/name/58851 700 1 $aBordoli, Piercesare.$0(OLS)http://semarc/name/58850 700 1 $aLongatti, Alberto.$0(OLS)http://semarc/name/58849 850 $aSeMil 852 $aSeMil$W1$xVenegono$y1$m3P IV 9$j101198$B101198$CSeMilBibl$Z2$F110513 $81 961 $aOmaggio: Altro 996 $6245$aSa diseva insć :$bmotti e proverbi lariani$9(OLS)http://semarc/title/217590 996 $6260$aComo :$bLa Famiglia Comasca$9(OLS)http://semarc/publisher/47062 LEADER 01201nam a2200277 i 4500 001 000000111186 003 CaOOAMICUS 005 20251203125855.0 008 050714s1979 it u000 u ita u 013 $a83868 040 $aSeMil$bita 100 0 $aSanzio, Raffaello,$d<1483-1520>.$0(OLS)http://semarc/name/5288 245 12$aL'opera completa di Raffaello /$cpresentazione di Michele Prisco ; apparati critici e filologici di Pierluigi De Vecchi. 250 $aNuova serie. 260 $aMilano :$bRizzoli,$c1979. 300 $a128 p., LXIV c. di tav. a colori :$bill. ;$c31 cm. 490 0 $aClassici dell'arte. Nuova serie ;$v19 700 1 $aDe Vecchi, Pierluigi.$0(OLS)http://semarc/name/46606 700 1 $aPrisco, Michele.$0(OLS)http://semarc/name/8352 830 0$aClassici dell'arte. Nuova serie ;$v19.$0(OLS)http://semarc/title/18471 850 $aSeMil 852 $aSeMil$W1$xVenegono$y1$m5R XI 59$j67021$B67021$CSeMilBibl$Z2$F100336 $81 961 $aOmaggio: Biblioteca Seminario Seveso (dal 1998) 996 $6245$aL'opera completa di Raffaello$9(OLS)http://semarc/title/161762 996 $6260$aMilano :$bRizzoli$9(OLS)http://semarc/publisher/29824